№ 2 (382); Кабели и провода

Մատենագիտական մանրամասներ
Parent link:Кабели и провода: научно-технический журнал/ ООО "Журнал "Кабели и провода". № 2 (382).— , 2003-2016, 2019-
Ամփոփում:Режим доступа: по договору с организацией-держателем ресурса
Լեզու:ռուսերեն
Հրապարակվել է: 2020
Առցանց հասանելիություն:https://www.elibrary.ru/contents.asp?id=42875190
Ձևաչափ: Էլեկտրոնային Գիրք
KOHA link:https://koha.lib.tpu.ru/cgi-bin/koha/opac-detail.pl?biblionumber=585448

MARC

LEADER 00000nam2a2200000 4500
001 585448
005 20231101131254.0
035 |a (RuTPU)RU\TPU\prd\287887 
035 |a RU\TPU\prd\287560 
090 |a 585448 
100 |a 20200703a20009999k y0rusy50 ca 
101 0 |a rus 
102 |a RU 
181 0 |a i  
182 0 |a b 
200 0 |a № 2 (382)  |b Электронный ресурс 
203 |a Текст  |c электронный 
210 |d 2020 
333 |a Режим доступа: по договору с организацией-держателем ресурса 
461 1 |0 (RuTPU)RU\TPU\prd\15848  |t Кабели и провода  |o научно-технический журнал  |f ООО "Журнал "Кабели и провода"  |v № 2 (382)  |d 2003-2016, 2019- 
801 0 |a RU  |b 63413507  |c 20010227  |g PSBO 
801 1 |a RU  |b 63413507  |c 20170309 
801 2 |a RU  |b 63413507  |c 20200703  |g RCR 
856 4 0 |u https://www.elibrary.ru/contents.asp?id=42875190 
942 |c BK